Welcome to the Holygrace Academy Library

Please use search bar below to get started

MIR SPACE STATION (Record no. 6346)

MARC details
000 -LEADER
fixed length control field 00268nam a22001217a 4500
020 ## - INTERNATIONAL STANDARD BOOK NUMBER
ISBN 81-237-3980-X
082 ## - DEWEY DECIMAL CLASSIFICATION NUMBER
Classification number 001
Item number RAZ/M
100 ## - MAIN ENTRY--AUTHOR NAME
Personal name RAZEGHPANAH, VIOLET
245 ## - TITLE STATEMENT
Title MIR SPACE STATION
260 ## - PUBLICATION, DISTRIBUTION, ETC. (IMPRINT)
Place of publication DELHI
Name of publisher NATIONAL BOOK TRUST
650 ## - SUBJECT ADDED ENTRY--TOPICAL TERM
Topical Term GK
Geographic subdivision DELHI
942 ## - ADDED ENTRY ELEMENTS (KOHA)
Koha item type Books
Holdings
Withdrawn status Lost status Collection code Home library Current library Shelving location Date acquired Source of acquisition Cost, normal purchase price Full call number Accession Number Koha item type
    G.K Main Library Main Library SHELF-17E-SCIENCE RELATED BOOKS 10/10/2006 PURCHASE 35.00 001 RAZ/M 01638 Books